Responses for Show #3170 - Friday, May 15, 1998

1998 College Championship final game 2.
From Zellerbach Auditorium at the University of California-Berkeley.

Contestants

[<< previous game]

Andrew Hutchings, a senior at Harvey Mudd College from Tucson, Arizona (subtotal of $8,000)

Shane Underwood, a junior at the University of Alabama from Summerdale, Alabama (subtotal of $2,500)

Alex Weathers, a sophomore at MIT from Greenville, South Carolina (subtotal of $13,400)

[next game >>]

Jeopardy! Round responses

BOOKS & AUTHORS
HELOISE'S COLLEGE HINTS
WILD THINGS
MOMMY DEAREST
SINGERS ON FILM
MATH VOCABULARY
    $100 6
John Grisham

Shane
    $100 15
Perfume

Shane
    $100 1
Skunk

Alex
    $100 20
Joan Rivers

Shane
    $100 9
Elvis Presley

Andrew
    $100 8
Cube

Shane
    $200 7
R.L. Stine

Andrew
    $200 19
Garbage/trash bag

Alex
    $500 2
Sidewinder

Alex
    $200 21
Melrose Place

Triple Stumper
    $200 10
Vanessa Williams

Triple Stumper
    $200 11
Mean

Andrew
    $300 16
"Misery"

Alex
    $300 28
Shelves

Andrew
    $300 3
Kangaroo

Andrew
    $300 25
Katie Couric

Shane
    $300 22
Sting

Alex
    $300 12
Addition

Andrew
    $400 17
"Babbitt"

Shane
    $400 29
Nail file/emery board

Andrew
    $400 4
Chameleon

Shane
    $400 26
(Alex Weathers: What is Montezuma?)
(Shane: What is Atahualpa?)

Tupac

AlexShane
Triple Stumper
    $400 23
Debbie Harry

Alex
    $400 13
obtuse

Andrew
    $500 18
(S: Who is Fulham?)

Robert Fulghum

ShaneAndrew
    $500 30
Shampoo

Shane
    $500 5
Ferrets

Triple Stumper
    $500 27
Michelle Pfeiffer

Shane
    $500 24
Boyz n the Hood

Alex
    $500 14
Tangent

Andrew

Scores at the first commercial break (after clue 14):

Alex Shane Andrew
$600 $600 $2,000

Scores at the end of the Jeopardy! Round:

Alex Shane Andrew
$1,900 $1,600 $3,200

Double Jeopardy! Round responses

AMERICAN HISTORY
BIBLICAL PROPHETS
IN THE CREDITS
CARBON
NATIONAL GEOGRAPHIC
CROSSWORD CLUES "F"
    $200 1
Meriwether Lewis

Andrew
    $200 11
Jonah

Alex
    $200 21
Assistant director

Andrew
    $200 16
Carbon monoxide

Shane
    $200 26
Rome

Alex
    $200 6
Ferris

Shane
    $400 2
Peace Corps

Alex
    $400 12
His hair

Andrew
    $400 22
(S: What is a camera?)

Generator

Shane
Triple Stumper
    $400 17
Graphite

Andrew
    $400 27
Venice

Andrew
    $400 7
Flotsam

Andrew
    $600 3
(Alex Weathers: What is Beirut?)

Tehran

AlexAndrew
    $600 13
David

Andrew
    $600 23
(Alex Weathers: What is a stage dresser?)

Set dresser

Alex
Triple Stumper
    $600 18
Carbon 14

Alex
    $600 28
(S: What is St. Petersburg?)

Moscow

Shane
Triple Stumper
    $600 8
Fox trot

Andrew
    $800 4
Gouverneur Morris

Alex
    $1,500 14
Jezebel

Andrew
    $800 24
Dinosaurs

Andrew
    $800 19
Benzene

Alex
    $1,500 29
(Andrew: What is Jamaica?)

Montserrat

Andrew
    $800 9
Faneuil

Alex
    $1000 5
Somalia

Alex
    $1000 15
Leprosy

Alex
    $1000 25
Film loader

Alex
    $1000 20
Nitrogen

Andrew
    $1000 30
(Andrew: What is Neanderthal?)

Heidelberg

Andrew
Triple Stumper
    $1000 10
Finnish

Andrew

Scores at the end of the Double Jeopardy! Round:

Alex Shane Andrew
$7,500 $1,000 $8,800

[wagering suggestions for these scores]

Final Jeopardy! Round responses

POWER PEOPLE
(Alex Trebek: He knows how to do the math... Congratulations, Andrew, here are the keys to the car and the trophy. We'll see you in the $100,000 Tournament of Champions!)
ShaneWho is Donna Shalala?
$1,000
AlexWho is Albright?
$4,701
AndrewWho is Shalala?
$300
Donna Shalala (former chancellor of the University of Wisconsin)

Final scores:

Alex Shane Andrew
$2,799 $2,000 $9,100

Cumulative scores:

Alex Shane Andrew
$16,199 $4,500 $17,100
1st runner-up: $16,199 2nd runner-up: $10,000 Tournament champion: $25,000 minimum + 1998 Volvo S70 automobile + a trophy

Game dynamics:

Coryat scores:

Alex Shane Andrew
$7,200 $1,000 $9,600
17 R
(including 1 DD),
3 W
11 R,
4 W
23 R
(including 1 DD),
2 W
(including 1 DD)

Combined Coryat: $17,800

[game clues] [game scores] [suggest correction]

Game tape date: Unknown
The J! Archive is created by fans, for fans. Scraping, republication, monetization, and malicious use prohibited; this site may use cookies and collect identifying information. See terms. The Jeopardy! game show and all elements thereof, including but not limited to copyright and trademark thereto, are the property of Jeopardy Productions, Inc. and are protected under law. This website is not affiliated with, sponsored by, or operated by Jeopardy Productions, Inc. Join the discussion at JBoard.tv.